UBT Library

DIAGNOSTIC AND LABORATORY TEST REFERENCE (Record no. 2674)

000 -LEADER
fixed length control field 00277nam a22001097a 4500
008 - FIXED-LENGTH DATA ELEMENTS--GENERAL INFORMATION
fixed length control field 170110b xxu||||| |||| 00| 0 eng d
020 ## - INTERNATIONAL STANDARD BOOK NUMBER
International Standard Book Number 9780323046343
041 ## - LANGUAGE CODE
Language code of text/sound track or separate title eng
080 ## - UNIVERSAL DECIMAL CLASSIFICATION NUMBER
Edition identifier 8TH
Universal Decimal Classification number 618.2
245 ## - TITLE STATEMENT
Title DIAGNOSTIC AND LABORATORY TEST REFERENCE
Statement of responsibility, etc PAGANA, K.D
942 ## - ADDED ENTRY ELEMENTS (KOHA)
Source of classification or shelving scheme
Item type Books
Holdings
Withdrawn status Lost status Source of classification or shelving scheme Damaged status Not for loan Collection code Permanent location Current location Date acquired Total Checkouts Full call number Barcode Date last seen Price effective from Koha item type
          Koleksioni i përgjithshem UBT - Lipjan UBT - Lipjan 11/17/2022   610.73PAG 002-800028700260727 11/17/2022 11/17/2022 Books
UBT Library © 2015-2024. All rights reserved University Education for Business and Technology